Movies Quiz

Random Movies or Role Quiz

A-Z Title Character Slideshow II Quiz Stats

 Plays Quiz Updated May 20, 2015

Challenge
Share
Tweet
Score 0/23 Timer 08:00
2 Plays Today
% Correct
Annie (Annie)
96.4%
Forrest Gump (Forrest Gump)
94.9%
Abraham Lincoln (Lincoln)
94.3%
Captain James Hook (Hook)
94.2%
Iron Man (Iron Man)
93.4%
Yogi Bear (Yogi Bear)
93.2%
WALL-E (WALL-E)
92%
Mohandas Gandhi (Gandhi)
88.7%
Juno MacGuff (Juno)
86.6%
James Francis Ryan (Saving Private Ryan)
84.5%
Bridget Jones (Bridget Jones's Diary)
84.5%
Danny Ocean (Ocean's Eleven)
80.9%
% Correct
Napoleon Dynamite (Napoleon Dynamite)
80.9%
Erin Brockovich (Erin Brockovich)
79.8%
Oskar Schindler (Schindler's List)
68%
George S. Patton (Patton)
66.5%
Scott Turner (Turner & Hooch)
66%
Truman Capote (Capote)
65.3%
Abraham van Helsing (Van Helsing)
54%
Donnie Brasco (Donnie Brasco)
53.1%
Bret Maverick (Maverick)
52.2%
Alexis Zorba (Zorba the Greek)
28.4%
Franz Kafka (Kafka)
7.7%

You're not logged in!

Compare scores with friends on all Sporcle quizzes.
Join for Free
OR
Log In

You Might Also Like...

Show Comments

Extras

Top Quizzes Today


Score Distribution

Your Account Isn't Verified!

In order to create a playlist on Sporcle, you need to verify the email address you used during registration. Go to your Sporcle Settings to finish the process.

Report this User

Report this user for behavior that violates our Community Guidelines.

Details: